Normal view
MARC view
- المواريث- فقه اسلامي- قوانين وتشريعات- قانون التركات
Entry Topical Term
001 - CONTROL NUMBER
- control field: 46659
003 - CONTROL NUMBER IDENTIFIER
- control field: JO-AjAnu
005 - DATE AND TIME OF LATEST TRANSACTION
- control field: 20230606081717.0
008 - FIXED-LENGTH DATA ELEMENTS
- fixed length control field: 230606|| aca||aabn | a|a d
040 ## - CATALOGING SOURCE
- Original cataloging agency: JO-AjAnu
- Transcribing agency: JO-AjAnu
150 ## - HEADING--TOPICAL TERM
- Topical term or geographic name entry element: المواريث- فقه اسلامي- قوانين وتشريعات- قانون التركات
670 ## - SOURCE DATA FOUND
- Source citation: Work cat.: (JO-AjAnu)23883: داود، أحمد محمد علي, author 46658, الحقوق المتعلقة بالتركة بين الفقه والقانون: التجهيز والديون والوصايا والمواريث وتقسيماتها